The whole duty of man : laid down in a plain and familiar way for the use of all, ... With Private devotions for several occasions.

Bibliographic Details
Main Author: Allestree, Richard, 1619-1681
Format: eBook
Language:English
Series:Eighteenth century collections online.
Online Access:Full text online

MARC

Tag First Indicator Second Indicator Subfields
LEADER 00000cam a2200000 4500
001 in00001921237
006 m | d |
007 cr |n||||||||n
008 881223s1800 ie |||| s 00||||eng d
005 20260406215907.7
035 |a (CStRLIN)ESTCN35769 
040 |a Cu-RivES  |c Cu-RivES  |d CStRLIN  |d Thomson Gale  |d UtOrBLW 
100 1 |a Allestree, Richard,  |d 1619-1681. 
245 1 4 |a The whole duty of man :  |b laid down in a plain and familiar way for the use of all, ... With Private devotions for several occasions. 
264 3 |a Dublin :  |b printed for Wm. Watson and Son,  |c 1800. 
300 |a xxiii, 1 unnumbered page, 452, 4 unnumbered pages ;  |c 12⁰. 
336 |a text  |b txt  |2 rdacontent 
337 |a computer  |b c  |2 rdamedia 
338 |a online resource  |b cr  |2 rdacarrier 
500 |a Anonymous. By Richard Allestree. 
500 |a With two final advertisement leaves. 
500 |a Reproduction of original from the Harvard University Libraries. 
510 4 |a English Short Title Catalog,  |c ESTCN35769. 
533 |a Electronic reproduction.  |b Farmington Hills, Mich. :  |c Thomson Gale,  |d 2003.  |n Available via the World Wide Web.  |n Access limited by licensing agreements  |7 s2003 miunns 
500 |a Electronic resource. 
830 0 |a Eighteenth century collections online. 
856 4 0 |u http://proxy.library.tamu.edu/login?url=https://galenet.galegroup.com/servlet/ECCO?c=1&stp=Author&ste=11&af=BN&ae=N035769&tiPG=1&dd=0&dc=flc&docNum=CW120122261&vrsn=1.0&srchtp=a&d4=0.33&n=10&SU=0LRF&locID=txshracd2898  |z Full text online  |t 0 
999 |a MARS 
999 f f |s 0d9ed7e5-63f6-3fbc-a781-8f8eb16efa51  |i 1b900ab8-eb74-39be-8f63-270f1155f622  |t 0 
952 f f |a Texas A&M University  |b College Station  |c Electronic Resources  |s www_evans  |d Available Online  |t 0  |h No information provided 
998 f f |t 0  |l Available Online